Las prestaciones familiares de la Seguridad Social

Detalles Bibliográficos
Autor principal: Fernǹdez Domn̕guez, Juan Još
Otros Autores: Martn̕ez Barroso, M® de los Reyes
Formato: eBook
Lenguaje:español
Publicado: Albacete : Editorial Bomarzo, 2007
Materias:
Acceso en línea:Acceso restringido

MARC

LEADER 00000nam a22000007a 4500
005 20111104140024.0
008 111104s2007 sp |||||s|||| 00||0 spa d
020 |a 978–84–96721–28–9 
035 |a 5946 
040 |a vLex 
090 |c 2737  |d 2737 
100 1 |a Fernǹdez Domn̕guez, Juan Još 
245 1 4 |a Las prestaciones familiares de la Seguridad Social  |h [Recurso electrn̤ico] /  |c Juan Jos ̌Fernǹdez Domn̕guez, M® de los Reyes Martn̕ez Barroso 
256 |a Servicio en ln̕ea. 
260 |a Albacete :  |b Editorial Bomarzo,  |c 2007 
300 |a 1 recurso electrn̤ico 
506 1 |a Contenido solo disponible en los productos indicados  |d vLex Global  |d vLex Global (Academic Edition, excluding Law Schools)  |d vLex Global (U.S. Academic Edition, Law Schools)  |d vLex Global (U.S. Academic Edition, excluding Law Schools)  |d vLex Global (Academic Edition, Law Schools) 
650 0 4 |a Subsidios familiares  |z Espaą 
650 0 4 |a Seguridad social  |z Espaą 
700 1 |a Martn̕ez Barroso, M® de los Reyes 
740 0 |a vLex Libros (Servicio en ln̕ea) 
856 4 0 |u http://vlex.com/source/5946  |z Acceso restringido 
942 |c BOOK